[Event "SC Kreuzberg IM-Turnier 2018"]
[Site "Berlin"]
[Date "2018.08.11"]
[Round "6.2"]
[White "Kalinitschew, Sergey"]
[Black "Muse, Drazen"]
[Result "1/2-1/2"]
[WhiteElo "2430"]
[BlackElo "2361"]
[Annotator "Andreas Lange/BerlinBase_Referenz"]
[PlyCount "18"]
[EventDate "2018.08.06"]
[EventType "tourn"]
[EventRounds "9"]
[EventCountry "GER"]
[SourceTitle "SC Kreuzberg IM 2018"]
[Source "Andreas Lange"]
[SourceDate "2018.08.16"]
[SourceVersion "1"]
[SourceVersionDate "2018.08.16"]
[SourceQuality "1"]

{D02: Damenbauernspiele} 1. Nf3 d5 2. d4 Bf5 3. Bf4 e6 4. e3 Bd6 5. Bg3 (5. Bd3
Bxf4 6. exf4 Ne7 7. Bxf5 Nxf5 8. c3 Qd6 9. g3 Nd7 10. Nbd2 O-O-O 11. Ne5 Rhf8
12. Qa4 Kb8 13. O-O-O Nb6 14. Qa5 Qe7 15. Rhe1 Nd6 16. Qb4 Qe8 17. b3 Qb5 18.
Qxb5 Nxb5 19. Kb2 Nd6 {Kalinitschew,S (2395)-Meister,J (2438) 2. Bundesliga
Nord 2015/16 Berlin 2016 ½-½ (40)}) 5... Nf6 6. Bd3 (6. Nbd2 O-O (6... Qe7 7.
c3 Nbd7 8. Ne5 O-O 9. Be2 Ne4 10. Nxe4 Bxe4 11. O-O f6 12. Nxd7 Qxd7 13. c4 c6
14. Rc1 Rfc8 15. Qd2 Kh8 16. Rfd1 Rc7 17. b4 Bxg3 18. hxg3 h6 19. cxd5 exd5 20.
Rc3 Rac8 21. Rdc1 {Kuehl,W-Mirnik,B Berlin Lasker-Steglitz-Open 1987 1-0 (33)})
7. Ne5 Nbd7 8. c4 Nxe5 9. Bxe5 Ng4 10. Nf3 Be4 11. Bd3 Bxf3 12. Qxf3 Nxe5 13.
dxe5 Bxe5 14. Bxh7+ Kxh7 15. Qh5+ Kg8 16. Qxe5 dxc4 17. Rd1 Qf6 18. Qxf6 gxf6
19. Rd7 Rac8 20. Ke2 Rfd8 {Zschaebitz,K (2101)-Maahs,E (2152) Berlin
Lichtenrader Herbst 2007 0-1 (62)}) 6... Bxd3 7. Qxd3 c6 8. Bxd6 Qxd6 9. Nbd2
Nbd7 1/2-1/2

[Event "SC Kreuzberg IM-Turnier 2018"]
[Site "Berlin"]
[Date "2018.08.11"]
[Round "6.3"]
[White "Glantz, Robert"]
[Black "Sandu, Mihaela"]
[Result "0-1"]
[WhiteElo "2336"]
[BlackElo "2268"]
[Annotator "Andreas Lange/BerlinBase_Referenz"]
[PlyCount "44"]
[EventDate "2018.08.06"]
[EventType "tourn"]
[EventRounds "9"]
[EventCountry "GER"]
[SourceTitle "SC Kreuzberg IM 2018"]
[Source "Andreas Lange"]
[SourceDate "2018.08.16"]
[SourceVersion "1"]
[SourceVersionDate "2018.08.16"]
[SourceQuality "1"]

{B51: Sizilianisch (Rossolimo-Variante)} 1. e4 c5 2. Nf3 d6 3. Bb5+ Nd7 4. O-O
a6 5. Bd3 Ngf6 6. Re1 g6 $146 7. c3 Bg7 8. Bc2 e5 9. d4 O-O 10. Nbd2 (10. d5 b5
11. a4 Nb6 12. b3 Bd7 13. Nbd2 Ne8 14. Nf1 Nc7 15. Bg5 f6 16. Be3 a5 17. axb5
Nxb5 18. Bd2 c4 19. Ne3 cxb3 20. Bxb3 a4 21. Ba2 Nc7 22. Bc1 Na6 23. Ba3 Qc7
24. Rb1 Nc5 25. Nd2 Rab8 26. Qe2 Rfc8 27. Rb4 Be8 28. Reb1 Nbd7 29. Bc4 Nb6 30.
Ba6 Rd8 31. g3 Bf8 32. Bb5 Bxb5 33. Qxb5 Nbd7 34. Qe2 Bh6 35. Kg2 Rdc8 36. h4
Kg7 37. h5 Bg5 38. Rh1 Rxb4 39. cxb4 Nb3 40. Nf3 Bxe3 41. Qxe3 g5 42. h6+ Kf7
43. b5 Ke8 44. Nd2 Qb6 45. Qxb6 Nxb6 46. Nxb3 axb3 47. Rb1 Rc3 48. Bxd6 Nc4 49.
Bb4 Rd3 50. b6 Nxb6 51. Kf1 {½-½ (51) Areshchenko,A (2686)-Moreno Tejera,E 
(2426) 1. Bundesliga 2016/17 Berlin 2017}) 10... b5 11. Nf1 Bb7 12. Ng3 cxd4
13. cxd4 exd4 14. Nxd4 Re8 15. Bf4 Ne5 16. Qd2 Nc4 17. Qb4 Nh5 18. Nxh5 Bxd4
19. Ng3 Qf6 20. Ne2 Bxb2 21. Rad1 Bxe4 22. Bxe4 Rxe4 0-1

[Event "SC Kreuzberg IM-Turnier 2018"]
[Site "Berlin"]
[Date "2018.08.11"]
[Round "6.4"]
[White "Meissner, Felix"]
[Black "Malek, Daniel"]
[Result "1/2-1/2"]
[WhiteElo "2330"]
[BlackElo "2383"]
[Annotator "Andreas Lange/BerlinBase_Referenz"]
[PlyCount "80"]
[EventDate "2018.08.06"]
[EventType "tourn"]
[EventRounds "9"]
[EventCountry "GER"]
[SourceTitle "SC Kreuzberg IM 2018"]
[Source "Andreas Lange"]
[SourceDate "2018.08.16"]
[SourceVersion "1"]
[SourceVersionDate "2018.08.16"]
[SourceQuality "1"]

{C01: Französische Verteidigung (Abtauschvariante)} 1. e4 e6 2. d4 d5 3. Bd3
dxe4 4. Bxe4 Nf6 5. Bf3 Nbd7 (5... Bd6 6. Ne2 Nbd7 7. Nbc3 c6 8. Bf4 Bxf4 9.
Nxf4 Nb6 10. O-O h5 11. Re1 Nbd5 12. Ncxd5 cxd5 13. c3 Kf8 14. h3 g6 15. Nd3
Bd7 16. Qd2 Kg7 17. Qf4 Ne8 18. Ne5 Qf6 19. Qg3 Bc6 20. Bd1 {Wemmers,
C-Blackburne,J Berlin 1881 2. Kongress des DSB Meisterturnier 0-1 (56)}) (5...
c5 6. Ne2 (6. Be3 cxd4 7. Bxd4 Nc6 8. Ne2 Nxd4 9. Qxd4 Qxd4 10. Nxd4 Bd7 11.
O-O O-O-O 12. c4 e5 13. Nb5 Bc5 14. a3 Rhe8 15. b4 Bxb5 16. cxb5 Bd4 17. Ra2
Kb8 18. Rc2 e4 19. Be2 Re7 20. Rfc1 e3 {Helbig,W-Roesner,P, DMM Finale 1961
DSB, Minden 1961 0-1 (46)}) (6. c3 Nc6 7. Ne2 cxd4 8. Nxd4 Nxd4 9. cxd4 Bd6 10.
Nc3 O-O 11. O-O a6 12. Bg5 Qa5 13. Qd2 Qf5 14. Rfe1 Qg6 15. Bf4 Bb8 16. Bxb8
Rxb8 17. Re5 h6 18. Qf4 Bd7 19. Rc5 Bc6 20. Bxc6 bxc6 {Kristovic,S (1984)
-Rohrbach,S (1879) Berlin Eckbauer Open 2005 ½-½ (37)}) 6... Nc6 7. Be3 cxd4
8. Nxd4 Ne5 9. Nc3 Bb4 10. Ndb5 Bd7 11. Nd6+ Bxd6 12. Qxd6 Nxf3+ 13. gxf3 Bc6
14. Qg3 O-O 15. Rg1 g6 16. Bg5 Nh5 17. Qh4 f6 18. Bh6 Ng7 19. Rd1 Qb6 20. Qd4
Qxd4 21. Rxd4 Nf5 22. Bxf8 Nxd4 23. Bc5 Nxf3+ 24. Kf1 Nxg1 25. Kxg1 b6 26. Be3
e5 27. Kf1 Kf7 28. Nb1 {0-1 (28) Souleidis,G (2410)-Buhmann,R (2589) 150.
Geburtstag Emanuel Lasker Blitz Berlin 2018}) 6. Nc3 Bd6 7. Nb5 Bb4+ 8. c3 Ba5
9. Bf4 O-O 10. Ne2 c6 11. Na3 Bc7 12. Nc4 Bxf4 13. Nxf4 Qc7 14. Nd3 c5 15. Rc1
Rb8 16. O-O b5 17. Nce5 Nxe5 18. Nxe5 Bb7 19. Bxb7 Rxb7 20. Qf3 Rb6 21. Rfd1
Rd6 22. Qe2 cxd4 23. cxd4 Qb6 24. Nf3 a6 25. Qe5 Rfd8 26. Rd3 h6 27. Rdc3 Nd5
28. Rc8 Ne7 29. Rxd8+ Qxd8 30. Qe4 Nf5 31. Qb7 Qf6 32. Rc8+ Kh7 33. Qb8 Rxd4
34. Nxd4 Qxd4 35. h3 Qxb2 36. Qa7 Qa1+ 37. Kh2 Qe5+ 38. Kg1 Qa1+ 39. Kh2 Qe5+
40. Kg1 Qa1+ 1/2-1/2

[Event "SC Kreuzberg IM-Turnier 2018"]
[Site "Berlin"]
[Date "2018.08.11"]
[Round "6.5"]
[White "Berger, Steve"]
[Black "Barath, Madhan"]
[Result "1-0"]
[WhiteElo "2428"]
[BlackElo "2307"]
[Annotator "Andreas Lange/BerlinBase_Referenz"]
[PlyCount "75"]
[EventDate "2018.08.06"]
[EventType "tourn"]
[EventRounds "9"]
[EventCountry "GER"]
[SourceTitle "SC Kreuzberg IM 2018"]
[Source "Andreas Lange"]
[SourceDate "2018.08.16"]
[SourceVersion "1"]
[SourceVersionDate "2018.08.16"]
[SourceQuality "1"]

{B23: Sizilianisch (Geschlossenes System)} 1. e4 c5 2. Nc3 d6 3. f4 g6 4. Nf3
Bg7 5. Bb5+ Bd7 6. Bc4 Nc6 7. O-O Na5 (7... Nd4 8. Nxd4 cxd4 9. Ne2 b5 10. Bd3
Qb6 11. Kh1 h5 12. b3 Nh6 13. Bb2 e5 14. c3 f5 15. cxd4 exd4 16. Qe1 O-O-O 17.
Qf2 Ng4 18. Qf3 Kb8 19. a4 fxe4 20. Bxe4 d5 21. Bd3 Rhf8 22. a5 {Lorenz,S 
(2306)-Poppner,D (2144) Berlin BEM 2000 Klasse M 1-0}) (7... Nf6 8. e5 dxe5 9.
fxe5 Ng4 10. Bxf7+ Kxf7 11. e6+ Ke8 12. exd7+ Qxd7 13. Ne2 Rf8 14. c3 Rd8 15.
Qc2 Qd6 16. Ng3 Nce5 17. Qe4 b6 18. d4 Nxf3+ 19. Rxf3 Nf6 20. dxc5 Qd1+ {
0-1 (20) Troyke,J (1747)-Lilienthal,N (1472) Offene DEM Jugend A Willingen 2017
}) (7... a6 8. a4 e6 9. d3 Nge7 10. Kh1 Qc7 11. Qe1 O-O-O 12. Bd2 Kb8 13. a5
Nb4 14. Bb3 Nec6 15. Na2 Nxa2 16. Rxa2 Nd4 17. Nxd4 Bxd4 18. Qe2 Bg7 19. Be1
Rhe8 20. Bh4 Rc8 21. e5 d5 22. c3 {Moreno Tejera,E (2435)-Windolf,M (1772)
Berlin Lichtenberger Sommer 2014 1-0 (49)}) 8. Be2 Nf6 9. d3 Nc6 10. Qe1 O-O
11. Be3 Ng4 12. Bd2 Nd4 13. Bd1 f5 14. exf5 gxf5 15. h3 Nf6 16. Rb1 Re8 17. b4
b6 18. bxc5 bxc5 19. Nxd4 cxd4 20. Ne2 Nd5 21. c3 dxc3 22. Nxc3 Nb6 23. Bb3+ e6
24. Ne2 Kh8 25. Bc3 Qe7 26. Nd4 Rac8 27. Ba1 h6 28. Qa5 Rc5 29. Qxa7 Nd5 30.
Rbe1 Qf7 31. Ba4 Rc7 32. Qa5 Rc5 33. Qa6 Bxa4 34. Qxa4 Rcc8 35. Kh1 Ra8 36. Qc6
Rxa2 37. Nxf5 Bxa1 38. Nxd6 1-0

[Event "SC Kreuzberg IM-Turnier 2018"]
[Site "Berlin"]
[Date "2018.08.12"]
[Round "7.1"]
[White "Barath, Madhan"]
[Black "Brunello, Marina"]
[Result "1/2-1/2"]
[WhiteElo "2307"]
[BlackElo "2280"]
[Annotator "Andreas Lange/BerlinBase_Referenz"]
[PlyCount "191"]
[EventDate "2018.08.06"]
[EventType "tourn"]
[EventRounds "9"]
[EventCountry "GER"]
[SourceTitle "SC Kreuzberg IM 2018"]
[Source "Andreas Lange"]
[SourceDate "2018.08.16"]
[SourceVersion "1"]
[SourceVersionDate "2018.08.16"]
[SourceQuality "1"]

{D11: Damengambit (Slawische Verteidigung)} 1. d4 d5 2. c4 c6 3. Nf3 Nf6 4. e3
Bg4 5. h3 Bxf3 6. Qxf3 e6 7. Nc3 Nbd7 8. Bd2 (8. Bd3 Bd6 9. cxd5 cxd5 10. O-O
O-O 11. Bd2 a6 12. a4 Bb4 13. Qd1 Nb8 14. Na2 Bxd2 15. Qxd2 Nc6 16. b4 e5 17.
b5 axb5 18. dxe5 Ne4 19. Bxe4 dxe4 20. Qxd8 Raxd8 21. axb5 Nxe5 22. Nc3 f5 {
Sargissian,G (2673)-Kasimdzhanov,R (2690) 1. Bundesliga 2007/08
Berlin-Kreuzberg 2007 ½-½}) 8... Bb4 (8... Bd6 9. g4 h6 10. h4 dxc4 11. Bxc4
Nd5 12. Ne4 Be7 13. g5 N7b6 14. Bb3 Qc7 15. O-O-O a5 16. a3 a4 17. Ba2 Nd7 18.
Rhg1 h5 19. Ng3 g6 20. e4 N5b6 21. Bf4 Qc8 22. Kb1 Ra5 23. Rge1 {Bacrot,E 
(2697)-Seel,C (2474) Berlin Meierei Bolle Blitz-WM 2015 1-0 (52)}) 9. Bd3 O-O
10. a3 Ba5 (10... Bd6 11. O-O a6 12. Qd1 dxc4 13. Bxc4 c5 14. dxc5 Bxc5 15. Be2
Qe7 16. Qb3 Bd6 17. Rfd1 Nc5 18. Qa2 Rfd8 19. Be1 Be5 20. Rac1 h6 21. Qb1 Rxd1
22. Rxd1 Rc8 23. Bf3 Qe8 24. Ne2 Qb5 25. Nd4 {Ftacnik,L (2532)-Muse,D (2367) 1.
Bundesliga 2009/10 Hamburg 2009 1-0 (45)}) 11. b4 Bc7 12. cxd5 cxd5 13. O-O Nb6
14. e4 dxe4 15. Nxe4 Nbd5 16. Bg5 Rb8 17. Bc2 Bd6 18. Nxf6+ Nxf6 19. d5 exd5
20. Qd3 g6 21. Qd4 Kg7 22. Qxa7 Be5 23. Rad1 h6 24. Bxh6+ Kxh6 25. Qe3+ Kg7 26.
Qxe5 Re8 27. Qd4 Qc7 28. Bd3 Rbc8 29. a4 Qc3 30. Qb6 Ne4 31. Bxe4 Rxe4 32. b5
Rc7 33. a5 d4 34. a6 Re6 35. Qxd4+ Qxd4 36. Rxd4 bxa6 37. bxa6 Rxa6 38. Rfd1
Rc2 39. R1d2 Raa2 40. Rxc2 Rxc2 41. Rf4 Ra2 42. Kh2 Ra3 43. Re4 Rb3 44. Re3 Rb2
45. Kg3 Ra2 46. Kf3 Rb2 47. Re2 Rb4 48. Re4 Rb2 49. Rf4 Ra2 50. Kg4 Rb2 51. h4
Rb5 52. g3 Ra5 53. Rc4 Ra2 54. f3 Ra5 55. Kf4 Rf5+ 56. Kg4 Ra5 57. Rc3 Kf6 58.
Re3 Kg7 59. Kf4 Kf6 60. Re4 Ra1 61. Rc4 Ra5 62. Ke4 Rb5 63. Rc6+ Kg7 64. Rd6
Ra5 65. Rd5 Ra4+ 66. Rd4 Ra5 67. Kf4 Rf5+ 68. Ke3 Re5+ 69. Re4 Ra5 70. Kf4 Rf5+
71. Ke3 Ra5 72. Rd4 Re5+ 73. Kf2 Ra5 74. g4 Rb5 75. Kg3 Ra5 76. Kf4 Rb5 77. Rd8
Rb4+ 78. Kg3 Rb5 79. Re8 Ra5 80. Kf4 Kf6 81. Rg8 Ra4+ 82. Kg3 Ra5 83. g5+ Ke7
84. Rb8 Ra1 85. Rb6 Kf8 86. Rf6 Kg7 87. f4 Rg1+ 88. Kh2 Ra1 89. Kg2 Ra2+ 90.
Kg3 Ra1 91. Rd6 Rg1+ 92. Kh3 Rh1+ 93. Kg4 Rg1+ 94. Kf3 Rf1+ 95. Kg3 Rg1+ 96.
Kf3 1/2-1/2

[Event "SC Kreuzberg IM-Turnier 2018"]
[Site "Berlin"]
[Date "2018.08.12"]
[Round "7.2"]
[White "Malek, Daniel"]
[Black "Berger, Steve"]
[Result "0-1"]
[WhiteElo "2383"]
[BlackElo "2428"]
[Annotator "Andreas Lange/BerlinBase_Referenz"]
[PlyCount "68"]
[EventDate "2018.08.06"]
[EventType "tourn"]
[EventRounds "9"]
[EventCountry "GER"]
[SourceTitle "SC Kreuzberg IM 2018"]
[Source "Andreas Lange"]
[SourceDate "2018.08.16"]
[SourceVersion "1"]
[SourceVersionDate "2018.08.16"]
[SourceQuality "1"]

{A35: Englische Eröffnung (Symmetrische Variante)} 1. c4 c5 2. Nf3 Nc6 3. Nc3
g6 4. e3 Nf6 5. d4 cxd4 6. exd4 d5 7. cxd5 Nxd5 8. Qb3 Nxc3 9. Bc4 e6 10. bxc3
Bd7 (10... Bg7 11. Ba3 Bf8 12. Bc1 Bg7 13. Ba3 Bf8 14. Bc1 Bg7 $11 {(14)
Radjabow, T (2738) - Ivanchuk, V (2736) Berlin Meierei Bolle Blitz-WM 2015})
11. Be2 Na5 12. Qc2 Bg7 13. Ba3 Bf8 14. Bxf8 ({Das ist schwer am Brett zu
entscheiden} 14. Bb2 Bg7 15. Ba3 Bf8 16. Bb2 Bg7 17. Ba3 {= (17) Aronjan, L 
(2794) - So, W (2799) Berlin WM Kandidatenturnier 2018}) 14... Kxf8 15. O-O Kg7
16. Ne5 Rc8 17. Rfd1 f6 18. Ng4 Qe7 19. Qd2 h5 20. Ne3 Rhd8 21. c4 b6 22. Qb2
Ba4 23. Rd2 e5 24. Rc1 exd4 25. Nd5 Qe5 26. f4 Qd6 27. Rxd4 Qc5 28. Kf1 Rd6 29.
Qc3 Bc6 30. Bf3 Bb5 (30... Nxc4 {sieht auch gut aus} 31. Rxc4 Bb5 $19) 31. Qe3
Nxc4 32. Qe7+ Kh6 33. Nxf6 Nd2+ 34. Ke1 Nxf3+ 0-1

[Event "SC Kreuzberg IM-Turnier 2018"]
[Site "Berlin"]
[Date "2018.08.12"]
[Round "7.3"]
[White "Sandu, Mihaela"]
[Black "Meissner, Felix"]
[Result "1-0"]
[WhiteElo "2268"]
[BlackElo "2330"]
[Annotator "Andreas Lange/BerlinBase_Referenz"]
[PlyCount "131"]
[EventDate "2018.08.06"]
[EventType "tourn"]
[EventRounds "9"]
[EventCountry "GER"]
[SourceTitle "SC Kreuzberg IM 2018"]
[Source "Andreas Lange"]
[SourceDate "2018.08.16"]
[SourceVersion "1"]
[SourceVersionDate "2018.08.16"]
[SourceQuality "1"]

{B92: Sizilianisch (Najdorf-Variante mit 6.Le2)} 1. e4 c5 2. Nf3 d6 3. d4 cxd4
4. Nxd4 Nf6 5. Nc3 a6 6. Be2 e5 7. Nb3 Be7 8. O-O O-O 9. Be3 Be6 10. Qd2 Nbd7
11. a4 Qc7 12. a5 Rac8 13. Rfd1 Rfd8 14. Qe1 h6 (14... Nc5 15. Nxc5 dxc5 16.
Bf3 Rxd1 17. Qxd1 Rd8 18. Qe1 Qc6 19. Na4 c4 20. Bb6 Rc8 21. Nc3 Bc5 22. Bxc5
Qxc5 23. Na4 Qb5 24. Nb6 Rd8 25. Qc3 Rd4 26. Re1 h6 27. h3 Kh8 28. Qa3 Rd2 29.
Qc3 {Schlemermeyer,W (2280)-Richert,T Berliner Sommer 1998 ½-½ (31)}) 15. Rd2
Qb8 16. f3 Nf8 17. Qd1 Ng6 18. g3 Bf8 19. Bb6 Re8 20. Nc1 Rc6 21. Be3 Ne7 22.
N1a2 Qc7 23. Nb4 Rxc3 24. Bb6 Qc8 25. bxc3 Qxc3 26. Rb1 Bc4 27. Bxc4 Qxc4 28.
Qf1 Qe6 29. c4 Rc8 30. Nd5 Nc6 31. Ra2 Be7 32. Be3 Rb8 33. Rab2 Bd8 34. Rxb7
Rxb7 35. Rxb7 Bxa5 36. Qd1 Qc8 37. Nxf6+ gxf6 38. Rb1 Bb4 39. Bxh6 Bc5+ 40. Kg2
a5 41. f4 exf4 42. Bxf4 Qe6 43. Qd5 Qg4 44. Qf5 Qe2+ 45. Kh3 Qd3 46. Bh6 Be3
47. Rb6 Bxh6 48. Rxc6 Bg5 49. Ra6 Qd1 50. Qf2 a4 51. Kg2 Qd3 52. h4 Qxe4+ 53.
Kh2 Be3 54. Qxf6 Bd4 55. Qg5+ Kh7 56. Qh5+ Kg7 57. Rxd6 Bf6 58. Qd5 Qe2+ 59.
Kh3 a3 60. Qf5 Qb2 61. h5 a2 62. h6+ Kh8 63. Rxf6 a1=Q 64. Qc8+ Kh7 65. Rxf7+
Kxh6 66. Qe6+ 1-0

[Event "SC Kreuzberg IM-Turnier 2018"]
[Site "Berlin"]
[Date "2018.08.12"]
[Round "7.4"]
[White "Muse, Drazen"]
[Black "Glantz, Robert"]
[Result "1/2-1/2"]
[WhiteElo "2361"]
[BlackElo "2336"]
[Annotator "Andreas Lange/BerlinBase_Referenz"]
[PlyCount "142"]
[EventDate "2018.08.06"]
[EventType "tourn"]
[EventRounds "9"]
[EventCountry "GER"]
[SourceTitle "SC Kreuzberg IM 2018"]
[Source "Andreas Lange"]
[SourceDate "2018.08.16"]
[SourceVersion "1"]
[SourceVersionDate "2018.08.16"]
[SourceQuality "1"]

{E61: Königsindisch (Abweichungen der Hauptvariante)} 1. Nf3 Nf6 2. c4 g6 3.
Nc3 Bg7 4. d4 O-O 5. Bg5 d6 6. e3 c5 7. Be2 cxd4 8. exd4 Bf5 9. O-O Ne4 10.
Nxe4 Bxe4 11. Qd2 (11. Bd3 Bxf3 12. Qxf3 Nc6 13. d5 Ne5 14. Qe2 Nxd3 15. Qxd3
Bxb2 16. Rab1 Bf6 17. Bh6 Re8 18. Rxb7 Qa5 19. Qb3 Qc5 20. Be3 Qa5 21. Rc1 a6
22. g3 h5 23. c5 dxc5 24. d6 e6 25. Rxc5 Qe1+ {Bruedigam,M (2328)-Boetzer,D 
(2228) Berlin WOOKS 2014 1-0}) 11... Nc6 12. d5 Bxf3 13. Bxf3 Ne5 14. Be2 a5
15. Rac1 Nd7 16. Rfe1 Nc5 17. Bf3 Re8 18. b3 Bf6 19. Be3 Qd7 20. Be2 Qf5 21. h3
h5 22. g4 hxg4 23. Bxg4 Qd3 24. Red1 Qxd2 25. Rxd2 Kg7 26. Bf3 Be5 27. Bg2 Rab8
28. f4 Bf6 29. Bf1 Rh8 30. Rb1 Rh5 31. a3 Ra8 32. Kh2 Rhh8 33. Rc2 Rhc8 34. b4
axb4 35. axb4 Nd7 36. c5 Ra3 37. Bc1 Rc3 38. Rxc3 Bxc3 39. Rb3 Bd4 40. Bb5 Nb8
41. c6 bxc6 42. dxc6 Nxc6 43. Bd2 Bb6 44. Rc3 Na7 45. Bd7 Rxc3 46. Bxc3+ f6 47.
b5 Kf7 48. Bb4 d5 49. Kg3 e5 50. Bd6 e4 51. f5 gxf5 52. Kf4 e3 53. Bb4 d4 54.
Bxf5 Nxb5 55. Bd3 Na7 56. Bc4+ Kg6 57. Bd3+ Kg7 58. Bd6 Nc8 59. Ba3 Na7 60. Bd6
Nc6 61. Ke4 Kf7 62. Bb5 Na7 63. Bc4+ Kg6 64. Bd3 Kg5 65. Be7 Nc6 66. h4+ Kxh4
67. Bxf6+ Kg3 68. Bb5 Na7 69. Bd3 Nc6 70. Bb5 Na7 71. Bd3 Nc6 1/2-1/2

[Event "SC Kreuzberg IM-Turnier 2018"]
[Site "Berlin"]
[Date "2018.08.12"]
[Round "7.5"]
[White "Moritz, Aron"]
[Black "Kalinitschew, Sergey"]
[Result "1/2-1/2"]
[WhiteElo "2199"]
[BlackElo "2430"]
[Annotator "Andreas Lange/BerlinBase_Referenz"]
[PlyCount "116"]
[EventDate "2018.08.06"]
[EventType "tourn"]
[EventRounds "9"]
[EventCountry "GER"]
[SourceTitle "SC Kreuzberg IM 2018"]
[Source "Andreas Lange"]
[SourceDate "2018.08.16"]
[SourceVersion "1"]
[SourceVersionDate "2018.08.16"]
[SourceQuality "1"]

{B44: Sizilianisch (Paulsen/Taimanow-Variante)} 1. e4 c5 2. Nf3 Nc6 3. d4 cxd4
4. Nxd4 e5 5. Nb5 d6 6. Be3 Nf6 7. Bg5 a6 8. Bxf6 gxf6 9. N5c3 f5 10. Qh5 (10.
Bd3 Bg7 11. exf5 d5 12. Qh5 e4 13. Be2 Ne7 14. g4 Qb6 15. O-O Qxb2 16. f6 Bxf6
17. Nxd5 Nxd5 18. Qxd5 Qxa1 19. Qxe4+ Qe5 20. Qb4 Be7 21. Qc4 Be6 22. Qa4+ Bd7
23. Qb3 Bc6 24. Bd3 Qd5 {Zepeda,L (2106)-Wendt,J (2332) Berlin Meierei Bolle
Blitz-WM 2015 0-1}) 10... Bg7 11. Bc4 O-O 12. O-O fxe4 13. Nd2 Be6 14. Bxe6
fxe6 15. Ndxe4 Rf5 16. Qh3 Nd4 17. Qd3 d5 18. Ng3 e4 19. Qd2 Rf7 20. Nd1 Qh4
21. c4 Rd8 22. Ne3 Nc6 23. cxd5 exd5 24. Nef5 Qf6 25. Rad1 Ne5 26. Nxg7 Qxg7
27. Qa5 Nc6 28. Qc5 Qe5 29. Rd2 Ne7 30. Qb6 Rdf8 31. Qe3 h5 32. f4 Qh8 33. Ne2
h4 34. Qb3 b5 35. Nc3 e3 36. Rd3 d4 37. Ne4 Nf5 38. Ng5 Qf6 39. Rc1 Qd6 40.
Nxf7 Rxf7 41. Qd1 Qxf4 42. Qf3 Qxf3 43. gxf3 h3 44. Kf1 Kh7 45. a4 Kg6 46. axb5
axb5 47. Ke2 Rd7 48. Rc5 Kf6 49. Rxb5 Rg7 50. Rxf5+ Kxf5 51. Rxd4 Rg2+ 52. Kxe3
Rxb2 53. Rd5+ Ke6 54. Rd2 Rb8 55. Rd4 Rb2 56. Rd2 Rb8 57. Rd4 Rb2 58. Rd2 Rb8
1/2-1/2

[Event "SC Kreuzberg IM-Turnier 2018"]
[Site "Berlin"]
[Date "2018.08.13"]
[Round "8.1"]
[White "Brunello, Marina"]
[Black "Kalinitschew, Sergey"]
[Result "0-1"]
[WhiteElo "2280"]
[BlackElo "2430"]
[Annotator "Andreas Lange/BerlinBase_Referenz"]
[PlyCount "178"]
[EventDate "2018.08.06"]
[EventType "tourn"]
[EventRounds "9"]
[EventCountry "GER"]
[SourceTitle "SC Kreuzberg IM 2018"]
[Source "Andreas Lange"]
[SourceDate "2018.08.16"]
[SourceVersion "1"]
[SourceVersionDate "2018.08.16"]
[SourceQuality "1"]

{C01: Französische Verteidigung (Abtauschvariante)} 1. e4 e6 2. d4 d5 3. Bd3 c5
4. exd5 exd5 5. Nf3 Nc6 6. O-O Nf6 (6... c4 7. Be2 Nf6 8. b3 cxb3 9. axb3 Be7
10. c4 O-O 11. Nc3 h6 12. Be3 Be6 13. Qd2 Bb4 14. Qb2 Be7 15. h3 Rc8 16. c5 a6
17. b4 Ne4 18. b5 Nxc3 19. Qxc3 axb5 20. Bxb5 Bf6 21. Rfb1 {Schneider,I (2481)
-Naumann,A (2545) Berlin Meierei Bolle Blitz-WM 2015 1-0 (36)}) 7. c3 (7. Re1+
Be7 8. Bg5 O-O 9. c3 (9. dxc5 Bxc5 10. Nbd2 Bg4 11. Nb3 Bb6 12. c3 h6 13. Bh4
g5 14. Bg3 Nh5 15. Bc2 Nxg3 16. hxg3 Bh5 17. g4 Bxg4 18. Qd3 f5 19. Re6 Kg7 20.
Rae1 Rf7 21. Nbd4 Rc8 22. a3 Qf8 23. Bb3 Bxf3 {Hannebauer,T (2022)-Zschaebitz,
K (2005) Berlin WOOKS 2016 1-0 (46)}) 9... Bg4 10. h3 Bh5 11. dxc5 Bxc5 12.
Nbd2 Qd6 13. b4 Bb6 14. Nc4 dxc4 15. Bxh7+ Nxh7 16. Qxd6 Bxf3 17. Bh4 Bh5 18.
a4 Bg6 19. a5 Bd8 20. Bg3 Bf6 21. Rac1 Rac8 {Hannebauer,T (2139)-Brauer,C 
(2158) Berlin Unicorn-Open 2003 ½-½ (45)}) 7... Bd6 8. Re1+ Be6 9. dxc5 Bxc5
10. b4 Bb6 11. b5 Ne7 12. Nd4 Bxd4 13. cxd4 O-O 14. Nd2 Re8 15. Nf3 h6 16. Bf4
Rc8 17. Qd2 Ne4 18. Bxe4 dxe4 19. Rxe4 Bd5 20. Re3 Nf5 21. Re5 Rxe5 22. Nxe5 f6
23. Ng4 Qe8 24. Qd3 Qe6 25. h3 Be4 26. Qd1 Rc4 27. Ne3 Rxd4 28. Qb3 Qxb3 29.
axb3 Nxe3 30. Bxe3 Rd5 31. Ra4 Bc2 32. Rd4 Rxb5 33. b4 a5 34. bxa5 Rxa5 35. Kh2
Ba4 36. Rd8+ Kf7 37. Rc8 Bc6 38. Rc7+ Kg6 39. Bd4 h5 40. Be3 h4 41. Rc8 Kf5 42.
Rf8 Rd5 43. Rf7 g5 44. Rf8 Rd7 45. Bb6 Bd5 46. Bd4 Rd6 47. Bc3 Rc6 48. Bd4 b5
49. Rb8 Bc4 50. Be3 Rd6 51. Bc5 Rd5 52. Bb4 Rd3 53. Rb6 Rb3 54. Bc5 Be6 55. Be7
Rb2 56. Kg1 Rb1+ 57. Kh2 Ke5 58. Ba3 f5 59. Be7 g4 60. hxg4 fxg4 61. Bxh4 b4
62. Bg3+ Kf5 63. Rb5+ Kg6 64. Be5 b3 65. f3 gxf3 66. gxf3 Bc4 67. Rb4 Bd5 68.
Kg3 Kf5 69. Bd4 Rf1 70. Bf2 Rc1 71. Bd4 Rd1 72. Kf2 Rh1 73. Ke3 Rh3 74. Rb5
Rxf3+ 75. Kd2 Ke4 76. Bg7 Rf2+ 77. Kc1 Bc4 78. Rb4 Kd3 79. Rxc4 Kxc4 80. Kb1
Kb4 81. Be5 Ka4 82. Bd4 Re2 83. Bg7 b2 84. Ka2 Kb4 85. Bf6 Kc4 86. Bg7 Kd3 87.
Kb1 Re7 88. Bf6 Rb7 89. Bxb2 Kd2 0-1